1658 1378 1925 1984 1533 1859 1933 1275 1425 1692 1951 1582 1081 1742 1900 1021 1689 1171 1712 1989 1318 1030 1209 1313 1191 1629 1929 1544 1949 1729 1137 1406 1150 1438 1733 1106 1274 1302 1443 1117 1622 1777 1957 1561 1606 1754 1039 1569 1737 1051 1434 1521 1295 1190 1440 1373 1053 1612 1471 1916 1462 1820 1828 1691 1396 1034 1900 1537 1380 1934 1035 1883 1457 1100 1667 1004 1684 1631 1213 1076 1064 1438 1667 1159 1703 1868 1399 1829 1244 1784 1945 1040 1612 1140 1993 1433 1328 1021 1848 BCNSPRNW ULIB Ver.6.0+V

เปลี่ยนเป็นภาษาไทย

Change to English
 แสดงรายละเอียดบรรณานุกรม
  กลับหน้าหลัก

Brief Record : Get Marc (ISO 2709) : E-mail record : QR code < ปิดหน้าต่าง
LEADER : 00000nam 2200000uu 4500
001    13399124917
003     ULIB
008    160504s2550||||th 000 0 tha d
020    9789744750419
090    ซ799ว
100 0  แซนดรา บราวน์
245 00 เงารักซ่อนเงื่อน/^cแซนดรา บราวน์
260    กรุงเทพฯ:แพรวสำนักพิมพ์,2550
700 0  ขีดขิน จินดาอนันต์,ผู้แปล
945    ^p0^l0^i021010
999    ^aเกษร โพธิ์สุวรรณ
รายการนี้ยังไม่มีแท็ก
คุณยังไม่ได้ล็อกอิน คุณสามารถมีกิจกรรมร่วมกับเว็บไซต์ได้ แต่ต้องล็อกอินก่อน ::
  ล็อกอิน

รายการสื่อสารสนเทศ

ลำดับที่ ประเภท เลขเรียก/บาร์โค้ด สถานที่ สถานะ
1. นวนิยาย
นวนิยาย
ซ799ว ฉ.1 
  Barcode: 021010
ห้องสมุดวิทยาเขตนครสวรรค์
►นวนิยาย:l:Fiction
บนชั้น

BibComment


ยังไม่เคยถูกคอมเมนท์

คอมเมนท์ทรัพยากรรายการนี้
  คอมเมนท์: เงารักซ่อนเงื่อน ..


 Copyright 2026. Bcnsprnw @Library